[Event "Paris FIDE GP"]
[Site "Elancourt"]
[Date "2013.09.25"]
[Round "4"]
[White "Fressinet, Laurent"]
[Black "Ivanchuk, Vassily"]
[Result "0-1"]
[WhiteElo "2708"]
[BlackElo "2731"]
[Annotator "Marin,M"]
[PlyCount "99"]
[EventDate "2013.09.22"]
[EventType "tourn"]
[EventRounds "11"]
[EventCountry "FRA"]
[EventCategory "20"]
[SourceTitle "CBM 157"]
[Source "ChessBase"]
[SourceDate "2013.11.12"]
[SourceVersion "1"]
[SourceVersionDate "2013.11.12"]
[SourceQuality "1"]
[WhiteClock "2:00:00"]
[BlackClock "2:00:00"]

1. d4 Nf6 2. Nf3 e6 3. c4 b6 4. e3 {I have played these lines of the 4.e3
Queen's Indian quite a lot over the past years. I can assure you that the
resulting positions are not as dull as they might look. Most likely, one of
the players will get hanging pawns, which is almost a guarantee for a tense
and uncompromising fight.} Bb7 5. Nc3 d5 ({If Black delays this move, in order
to avoid the check on b5,} 5... Be7 6. Bd3 d5 {White could also switch with} 7.
b3 {keeping the tension in the centre.}) 6. cxd5 (6. b3 {does not make sense
before Black has moved with his bishop, because it allows} Bb4 {without the
loss of a tempo.}) ({And if} 6. Bd3 dxc4 7. Bxc4 {Black gets some sort of
Queen's Gambit Accepted, in which White has lost a tempo with his bishop. True,
Black may have to lose a tempo with ...b6-b5 (after ...a6, of course) as
happened in Franco Ocampos,Z (2480)-Korneev,O (2565)/Elgoibar 1997/CBM 063/
[Huzman] (0-1, 43)}) 6... exd5 7. Bb5+ {More or less forcing the next move.} ({
If} 7. Bd3 a6 8. O-O Bd6 {Against this black setup it would be useful to have
kept the c4-pawn, in order to create the potential threat c4-c5. The way it is,
Black has comfortable play.}) 7... c6 8. Bd3 {It is interesting to mention
that in the first round Ivanchuk had White in a similar position against
Dominguez. Ivanchuk played Bf1-d3 but, curiously, Black played ...c7-c6 at a
later time, practically agreeing to be a tempo down!} Nbd7 9. O-O Be7 ({
The effects of ..c7-c6 can be seen after the seemingly active} 9... Bd6 {
which can be met with:} 10. e4 {In fact, Fressinet had a recent game like this:
} dxe4 11. Nxe4 Nxe4 12. Bxe4 Nf6 (12... O-O 13. Bg5 Be7 14. Bxe7 Qxe7 15. Re1
Qd6 16. Ne5 Nf6 17. Bf3 $14 {Izoria,Z (2546)-Grigoriants,S (2525) Hoogeveen
2003 (1-0, 53)}) 13. Bg5 Be7 $6 (13... O-O 14. Bc2 h6 15. Bh4 g5 {is quite
dangerous for Black,} 16. Nxg5 hxg5 17. Bxg5 c5 18. Qd3 Re8 19. Rfe1 $44 {
Gaprindashvili,V (2471)-Mchedlishvili,M (2550) Kocaeli 2002 (1-0, 32) and
Kharitonov,A (2505)-Podgaets,M (2450) Moscow 1992 (1-0, 56)}) 14. Bxf6 Bxf6 15.
Qc2 {Black will not be able to castle without giving up the h7-pawn.} Qd6 16.
Rac1 Rc8 17. Rfe1 Kf8 18. Qa4 $16 {Fressinet,L (2693)-Jurcik,M (2467)/Plovdiv
2012/CBM 148 (1-0, 36)}) 10. b3 O-O 11. Bb2 Bd6 {Even at the cost of a tempo,
Black places the bishop on the most active square.} 12. Ne2 (12. Rc1 {is more
common, but it would most likely transpose, since the manoeuvre Ne2-g3 is
useful anyway. White needs to consolidate his kingside before Black gets an
attack with ...Ne4, ...f5, etc. Besides, the permanent threat Ng3-f5 usually
induces the weakening ...g7-g6.}) 12... Re8 ({Now or later, Black could
transpose to some other type of position with} 12... c5 {. It would be as if
White had played Bf1-d3 and Black would have got his pawn on c5 in one move.
By refraining from central activity, Ivanchuk hopes to take over the kingside
initiative, but the limitations induced by the move ...c7-c6 will lead exactly
to the opposite.}) 13. Ng3 g6 14. Rc1 a5 $146 {Strictly speaking, the novelty
happened a bit earlier. However, given the numerous possible transpositions I
find that this is the right moment to place the comment "N".} (14... Qe7 15.
Qe2 Ba3 {would have transposed to Gelfand,B (2700)-Karpov,A (2780)/Sanghi
Nagar 1995/CBM 045/[Gelfand,B] (0-1, 80)}) ({Another possible transposition
would be} 14... c5 15. Bb5 {/\dxc5, Bxf6} Re7 16. Re1 a6 17. Bf1 Re8 18. Ne2
Bf8 19. Nf4 Rc8 20. Rc2 Bg7 21. Qa1 Ne4 22. Rd1 $13 {Malaniuk,V (2555)-Tishin,
D (2372)/Alushta 2004/CBM 103 (1/2, 41)}) ({Maybe Black should have moved with
the knight to e4, now or slightly later:} 14... Ne4 $5 15. Bxe4 dxe4 16. Nd2
Nf6 (16... f5 17. Nc4 {weakens the long diagonal too much.}) 17. Nc4 Bc7 {
with unclear play.}) 15. Qc2 Qe7 16. Rfe1 Ba3 $6 {Ivanchuk was dissatisfied
with this move. As pointed out by Alina L'Ami during the conference, he had
played ...Qe7 and ...Ba3 against the other French player, Bacrot, only two
days earlier. On that occasion the opening was different but the structure
bore some similarities to this one and it all ended in a draw. Ivanchuk
concluded that although the manoeuvre is not always good, it seems to be a
lucky one for him!} ({Once again} 16... Ne4 {deserves attention.} 17. Bxe4 dxe4
18. Nd2 Nf6 (18... f5 {certainly looks risky, but there is nothing decisive
for White:} 19. Nc4 Bc7 20. Qc3 Qb4) 19. Nc4 Bc7) (16... Qf8 $5 {Ivanchuk}) 17.
Bxa3 Qxa3 18. h4 $36 {White has very pleasant play now.} Qd6 19. h5 Nf8 20. e4
Qf4 (20... dxe4 21. Nxe4 Nxe4 22. Bxe4 Rac8 23. Re3 $14) 21. e5 Ng4 {This
knight will not contribute to the fight for the light squares in any way and
will be exposed at a later moment. However, the alternatives are not rosy
either.} (21... Nxh5 22. Nxh5 gxh5 23. Re3 c5 24. g3 Qh6 25. Nh4 $16) (21...
N6d7 22. Re3 c5 23. hxg6 hxg6 24. Ne2 Qh6 25. Nh2 $16 {[%cal Ge3h3,Gh2g4] In
this line we understand that the black knight on g4 mainly prevents White's
immediate activation of his forces.}) 22. hxg6 hxg6 23. Ne2 Qh6 24. g3 c5 25.
Kg2 Rac8 26. Qb2 $1 {A strong move keeping things under control in the centre.}
Qg7 (26... cxd4 $2 27. Qxd4 $18) 27. Nf4 Ne6 (27... cxd4 28. Rxc8 Bxc8 29. Qxd4
$18 {[%csl Gb6]}) 28. Nxe6 Rxe6 {The rook is a bad blocking piece, but what
could Black do? His other knight is too far from the e6-square.} 29. Qd2 (29.
Rh1 $40) 29... Qh6 30. Qxh6 $6 (30. Qe2 $1 {[%csl Rg4,Rh6][%cal Ge1h1,Gh1h4]}
cxd4 31. Rh1 {would more or less win based on some tactical subtleties.} Qg7 (
31... Qxc1 32. Rxc1 Rxc1 33. Ng5 $1 $18 {[%csl Ge6,Gg4]} (33. Nxd4 Nxe5 34.
Nxe6 $2 d4+ $1 $19)) 32. Nxd4 $1 $18 {[%csl Ge6,Gg4]} (32. Rxc8+ $2 Bxc8 33.
Nxd4 $2 Rxe5 {[%cal Gc8g4]})) 30... Nxh6 31. Ng5 Re7 32. Rh1 Kg7 33. Rh4 {
Even after the missed possibilities, White has a very strong position.} cxd4
34. Rch1 Rh8 35. f4 Rc7 (35... Bc8 {fails to stabilise the position:} 36. Nf3
Rc7 37. f5 Bxf5 38. Bxf5 gxf5 39. Nxd4 Kg6 40. Kf3 {[%cal Gf3f4,Gd4f5]} Rh7 41.
Kf4 f6 42. e6 $18) 36. e6 $1 $16 f6 37. Nf3 Rc3 38. e7 Bc6 39. Nxd4 Bd7 (39...
Rxd3 40. Nxc6 Re3 41. Rxh6 Rxh6 42. Rxh6 Kxh6 43. Ne5 $1 $18 {[%cal Ge7e8]})
40. Bb5 Bxb5 41. Nxb5 Re3 {Ivanchuk has managed to keep the position tense so
far. Fressinet failed to understand that he was facing a critical choice and
played his next move after only three minutes.} 42. Nc7 $6 ({The natural and
thematic} 42. f5 $1 {would put Black on the verge of defeat. However, the
tactical nuances are not easy to foresee.} Re2+ $8 {It is important to force
the king on to an unfavourable square.} (42... gxf5 43. Rxh6 Rxh6 44. Rxh6 Kxh6
45. Nd6 Rxe7 46. Nxf5+ {This is one typical moment in which we see why f4-f5
was important. White needs the f5-square for his knight.}) (42... g5 43. Rh5
Rxe7 44. Nd4 Nf7 45. Rxh8 Nxh8 46. Ne6+ Kg8 47. Rh6 Rf7 48. Kf3 $18 {[%csl Gf7,
Gg8,Gh8] Black is almost stalemated.}) (42... Rxe7 43. Nd4 Nf7 44. fxg6 Rxh4
45. Nf5+ $1 $18 Kxg6 46. Nxe7+) 43. Kf3 (43. Kf1 {takes the king too far from
the centre, offering Black chances of survival after} Rxe7 44. Nd4 g5 45. R4h2
Nf7 46. Rxh8 Nxh8 47. Ne6+ Kg8 48. Rh6 Rh7 49. Rxf6 Rf7 50. Rxf7 Nxf7 $14 {
[%csl Rf1]}) 43... Rxe7 44. Nd4 Nf7 45. fxg6 Ng5+ $1 {Only possible with the
king in the knight's range.} 46. Kf2 Rhe8 47. Nf5+ Kxg6 48. Nxe7+ Rxe7 $14 {
/+/- White will still have to work hard in order to win.}) 42... Rxe7 $15 43.
Nxd5 Re2+ 44. Kf3 Rxa2 45. Nc7 $6 {The second knight move on to this square is
once again a mistake, finally throwing the game away.} (45. Rc1 {wouldd still
have offered excellent drawing chances:} Rd8 46. Nc7 Rd3+ 47. Ke4 Rxb3 48. Ne6+
Kf7 49. Nd4 {[%cal Gc1c7]} f5+ 50. Kd5 Rd3 51. Rc7+ Kf6 52. Rxh6 Rad2 53. Rc4
b5 54. Rc6+ Kf7 55. Rc7+ Kf6 $11) 45... Rb2 $17 46. Rd1 Rxb3+ 47. Kf2 Nf7 48.
Ne6+ Kg8 49. Rg4 Rh6 50. Kg1 0-1

[Event "Abu Dhabi op 14th"]
[Site "Abu Dhabi"]
[Date "2004.08.14"]
[Round "1"]
[White "Mamedjarova, Zeinab"]
[Black "Kotsur, Pavel"]
[Result "0-1"]
[WhiteElo "2341"]
[BlackElo "2607"]
[Annotator "Marin,M"]
[PlyCount "112"]
[EventDate "2004.08.14"]
[EventType "swiss"]
[EventRounds "9"]
[EventCountry "UAE"]
[SourceTitle "CBM 103"]
[Source "ChessBase"]
[SourceDate "2004.11.11"]
[SourceVersion "1"]
[SourceVersionDate "2004.11.11"]
[SourceQuality "1"]

1. d4 Nf6 2. c4 e6 3. Nf3 c5 4. e3 b6 5. Nc3 cxd4 6. exd4 Bb7 7. Be2 Be7 8. O-O
O-O 9. Bf4 d6 10. Rc1 Re8 11. Re1 a6 12. h3 Nbd7 13. Bd3 Nf8 14. Ne4 Bxe4 15.
Bxe4 Nxe4 16. Rxe4 Ng6 17. Bd2 d5 18. Re3 dxc4 19. Rxc4 Bf6 20. Qc2 Ne7 21. Rd3
Nd5 22. Ne5 Rc8 23. Ra3 a5 24. Rd3 Rxc4 25. Qxc4 Qc8 26. Qb5 Rd8 27. Ng4 Be7
28. Ne3 Nf4 29. Rc3 Qd7 30. Qxd7 Rxd7 31. Rc8+ Rd8 32. Rxd8+ Bxd8 33. Kf1 Kf8
34. Nc4 Nd5 35. Ke2 Ke7 36. Kd3 Bc7 37. g3 Kd7 38. Be1 Kc6 39. Bd2 f6 40. Be1
a4 41. Ne3 Bd6 42. a3 b5 43. Ke2 h5 44. Bd2 Nb6 45. Kd3 f5 46. Ba5 Nd5 47. Be1
Nxe3 48. fxe3 Kd5 {Here, the big number of pawns placed on dark squares, as
well as the numerous weaknesses (the g3- and b2-pawns and the e4- and
c4-squares) make White's defensive task impossible. Hier machen die große Zahl
der Bauern, die auf dunklen Feldern stehen, sowie die vielen Schwächen (Bauern
g3 und b2 sowie die Felder e4 und c4) die weiße Verteidigungsaufgabe unmöglich.
} 49. h4 (49. Bf2 g5 50. Be1 g4 {makes no big difference macht keinen großen
Unterschied.}) 49... Bc7 $22 50. Bf2 (50. Kc3 Ba5+ {[%csl Re1]}) (50. Kc2 Ke4
$19) 50... Ba5 $22 51. Bg1 Be1 52. Bh2 g6 $22 53. Ke2 Ba5 {Now, White cannot
return with both his pieces into play (Bg1-f2 and Kd3) at the same time. Nun
kann Weiß nicht mehr gleichzeitig seine beiden Figuren ins Spiel zurückbringen
(Bg1-f2 und Kd3).} 54. Kd3 Bc7 $1 {[%csl Rh2]} 55. Kc3 Bd6 {[%csl Rb4]} (55...
Ke4 56. Kb4 $132) 56. Kd3 e5 {A thematic break that convinced White about the
total inutility of further resistance. Ein thematischer Durchbruch, der Weiß
von der totalen Nutzlosigkeit weiteren Widerstands überzeugte.} ({However,
Black seems to have been able to win by pure zugzwang as well: Allerdings
hätte Schwarz offenbar auch durch reinen Zugzwang gewinnen können:} 56... Bb8
57. Kc3 Bc7 58. Kb4 Kc6 59. Kc3 Bd6 60. Kd3 Kd5 61. Kc3 Ke4 $19) (56... e5 57.
Kc3 (57. dxe5 Bxe5 {[%csl Rb2]} 58. Kc2 Ke4 $19) 57... exd4+ 58. exd4 Ke4 $22
$19) 0-1

[Event "Metz op 31th"]
[Site "Metz"]
[Date "2013.04.23"]
[Round "5"]
[White "Maiorov, Nikita"]
[Black "Svetushkin, Dmitry"]
[Result "1/2-1/2"]
[WhiteElo "2535"]
[BlackElo "2588"]
[Annotator "Metz Alekhine/Primel,D"]
[PlyCount "51"]
[EventDate "2013.04.20"]
[EventType "swiss"]
[EventRounds "9"]
[EventCountry "FRA"]
[SourceTitle "EXT 2016"]
[Source "ChessBase"]
[SourceDate "2015.10.08"]
[SourceVersion "1"]
[SourceVersionDate "2015.10.08"]
[SourceQuality "1"]
[TimeControl "40/5400:1800+30"]
[WhiteClock "1:30:00"]
[BlackClock "1:30:00"]

1. d4 {01h30} Nf6 2. c4 e6 3. Nf3 d5 4. e3 b6 (4... c6 {Transpose vers une
semi-slave}) 5. Nc3 Bb7 6. cxd5 $1 exd5 7. Bb5+ c6 8. Bd3 {80} Nbd7 9. O-O Bb4
$5 {la préparation des Noirs} (9... Be7 10. b3 O-O 11. Bb2 Bd6 12. Ne2 Re8 13.
Ng3 g6 14. Rc1 a5 15. Qc2 Qe7 16. Rfe1 Ba3 17. Bxa3 Qxa3 18. h4 Qd6 19. h5 Nf8
20. e4 Qf4 21. e5 Ng4 22. hxg6 hxg6 23. Ne2 Qh6 24. g3 c5 25. Kg2 Rac8 26. Qb2
Qg7 27. Nf4 Ne6 28. Nxe6 Rxe6 29. Qd2 Qh6 30. Qxh6 Nxh6 31. Ng5 Re7 32. Rh1 Kg7
33. Rh4 cxd4 34. Rch1 Rh8 35. f4 Rc7 36. e6 f6 37. Nf3 Rc3 38. e7 Bc6 39. Nxd4
{Fressinet,L (2708)-Ivanchuk,V (2731) Elancourt 2013 0-1}) 10. a3 {76} Bd6 (
10... Bxc3 11. bxc3 O-O 12. Qc2 $14 {[%csl Gc1,Gd3]}) 11. e4 dxe4 12. Nxe4 Nxe4
13. Bxe4 {65} O-O 14. Bg5 Be7 15. Bxe7 {[%emt 0:00:53]} Qxe7 16. Re1 Qd6 17.
Ne5 $1 Nf6 18. Bf3 Rad8 $132 {[%csl Rd4]} 19. Qa4 a6 20. Qb3 Nd5 21. Nc4 Qb8
22. Re5 {[%emt 0:00:27]} b5 23. Na5 Qc7 24. Nxb7 Qxb7 25. Rae1 {[%emt 0:00:16]}
g6 26. h4 1/2-1/2

[Event "Biel MTO op"]
[Site "Biel"]
[Date "2001.07.31"]
[Round "8"]
[White "Riazantsev, Alexander"]
[Black "Milov, Vadim"]
[Result "0-1"]
[WhiteElo "2509"]
[BlackElo "2614"]
[Annotator "Milov,V"]
[PlyCount "78"]
[EventDate "2001.07.23"]
[EventType "swiss"]
[EventRounds "11"]
[EventCountry "SUI"]
[SourceTitle "CBM 083 Extra"]
[Source "ChessBase"]
[SourceDate "2001.09.11"]
[SourceVersion "1"]
[SourceVersionDate "2001.09.11"]
[SourceQuality "1"]

1. d4 Nf6 2. c4 e6 3. Nf3 d5 4. e3 a6 5. Nc3 Nbd7 6. b3 b6 7. Bb2 Bb7 8. Bd3
Ne4 $5 (8... Bd6) 9. O-O (9. Qc2 f5 10. O-O Bd6 $13) 9... Bd6 10. Ne2 $6 (10.
Qe2 O-O 11. Rac1 f5 {/\Rf6}) 10... O-O $11 11. Rc1 dxc4 $5 (11... c5 12. cxd5
exd5 13. dxc5 $14) (11... Qe7) 12. bxc4 f5 13. Ng3 (13. Qb3 Ng5 14. Nd2 (14.
Nxg5 Qxg5 15. Ng3 Nf6 $13) 14... c5 $13 (14... Nf6 15. c5 Bd5 16. Qa3 Be7 17.
Nf4 $14)) 13... Ndf6 14. Qe2 (14. Ne5 Nxg3 15. hxg3 Ne4 $15) (14. Qb3 Ng4 $5
$15 15. c5 $140 Bd5 16. Bc4 Bxg3 17. hxg3 b5 18. Bxd5 exd5 $17) 14... Qe8 (
14... Nxg3 15. hxg3 Ne4 (15... Ng4 $2 16. c5 (16. e4 $5) 16... Be7 17. c6 Bc8
18. e4 $16) 16. Bxe4 fxe4 (16... Bxe4 $5 17. c5 Be7 18. Ne5 $11) 17. Ne5 Bxe5
18. dxe5 Qg5 19. c5 $11) (14... Bxg3 15. fxg3 $5 $13 (15. hxg3 Ng4 $36) 15...
Ng4 $140 16. Nd2) 15. Ne5 Nxg3 16. hxg3 Ne4 $15 {׻} 17. Bxe4 Bxe4 (17... fxe4
18. c5 Bxe5 19. dxe5 $11) 18. Nf3 $6 (18. Rfd1 $142 Rf6 $140 19. c5) 18... b5
$1 (18... Qh5 19. Rfe1 Rf6 (19... Bb4 20. Bc3) 20. Nd2 $11) 19. Ng5 $2 (19. c5
Be7 20. Ne5 Bd5 21. Bc3 Bf6 $15) 19... Qg6 (19... Bb7 $2 20. c5 Be7 21. Nxe6
Qc6 22. Nf4 $16 g5 $2 23. d5) 20. Nxe4 fxe4 21. cxb5 axb5 22. Qxb5 Rf5 $1 (
22... Rfb8 $2 23. Qc6 Rxa2 24. Bc3 $11) 23. Qb7 (23. Qc6 Raf8) (23. Qb3 Rh5 $17
) 23... Raf8 $1 $40 (23... Rxa2 $2 24. Ra1 $11) 24. Qxe4 $4 (24. a4 Rh5 25. f4
exf3 26. Rxf3 Rxf3 27. Qxf3 Rf5 $19) (24. Bc3 $8 Rh5 (24... Qf6 $5 25. Be1 Bxg3
26. f4 exf3 27. Bxg3 (27. Rxf3 Qh6 $1 $19) 27... f2+ 28. Bxf2 Rxf2 29. Qb5 $1 (
29. Rxf2 Qxf2+ 30. Kh1 Qxe3 31. Qxc7 Qxd4 $17) 29... h5 $1 30. d5 $13) 25. Bd2
$8 {><e3} (25. Bb4 Qh6 26. f4 exf3 27. Rxf3 Rh1+ $19) (25. f4 exf3 26. Rxf3
Rxf3 27. Qxf3 Rf5 $19) 25... Rh6 $1 (25... Qh6 26. f4 exf3 27. Rxf3 Rxf3 (27...
Rh1+ 28. Kf2 Bxg3+ 29. Ke2 $16) (27... Rhf5 28. Rxf5 Rxf5 29. Rf1 Rxf1+ 30.
Kxf1 $16) 28. Qxf3 Rf5 29. Qg4 $8 $13) 26. f4 (26. Qb5 Rf5 27. Qb8+ Bf8 $19)
26... exf3 27. Rxf3 Qh5 28. Rxf8+ Bxf8 29. Kf2 (29. a4 Qe2 $1 30. Qb2 Rf6 $19)
29... Rf6+ 30. Ke1 Qg6 31. Ke2 Qg4+ 32. Kd3 Rf2 33. Rc2 c5 $1 34. dxc5 Bxc5 $44
35. Qe4 $140 Qe2+ 36. Kc3 Qa6) 24... Bxg3 $19 25. Qxf5 (25. f4 Qh6 (25... Bh2+
$5 26. Kh1 Qh6 $19) 26. Rfd1 Qh2+ 27. Kf1 Bxf4 28. Ke2 Bxe3 29. Rh1 Qg3 30.
Qxe6+ Kh8 $19) (25. Ba3 Bh2+ 26. Kh1 Qh6 $19) 25... Rxf5 26. fxg3 Qxg3 27. Rc3
Rh5 28. Rf2 Qh2+ 29. Kf1 Qh1+ 30. Ke2 Qb1 31. Bc1 Qxa2+ 32. Bd2 Qa6+ 33. Rd3 h6
34. e4 e5 35. Bc3 exd4 36. Bxd4 Rh4 37. Ke3 Qg6 38. e5 Rg4 (38... Qg3+ $142 39.
Ke2 (39. Kd2 Rxd4) 39... Re4+) 39. Kd2 Rxg2 0-1